Statistics for Famous Paintings Quiz

Click here to take the quiz!

General Stats

  • This quiz has been taken 126 times
  • The average score is 8 of 10

Answer Stats

QuestionAnswer% Correct
The Mona Lisa was painted by which artist?Leonardo da Vinci
95%
Starry Night is a famous painting by which artist?Vincent van Gogh
95%
The Starry Night depicts a night sky over a village and was painted by:Vincent van Gogh
93%
The Scream depicts a figure with a horrified expression and was painted by:Edvard Munch
84%
The Persistence of Memory features melting clocks and was painted by:Salvador Dalí
83%
The Last Supper is a mural painting by which artist?Leonardo da Vinci
80%
Guernica is a powerful anti-war painting by which artist?Pablo Picasso
78%
The Birth of Venus depicts the goddess Venus emerging from the sea and was painted by:Sandro Botticelli
73%
Girl with a Pearl Earring is a famous painting by which artist?Johannes Vermeer
69%
The Creation of Adam is a famous fresco painting by which artist?Michelangelo Buonarroti
58%

Score Distribution

Percentile by Number Answered

Percent of People with Each Score

Your Score History

You have not taken this quiz